| 000 | 00938nam a2200301 4500 | ||
|---|---|---|---|
| 001 | 014778 | ||
| 003 | DO-SdBNP | ||
| 005 | 20180402101204.0 | ||
| 007 | 014778 | ||
| 008 | 161122b 2005 sp || 00| 0 spa d | ||
| 020 | _a8496412636 | ||
| 040 |
_aBPMSU _bspa _cBPMSU |
||
| 082 |
_a843.47 _bF587f |
||
| 100 |
_aPerrault, Charles, _d 1628-1703 |
||
| 240 |
_a _l |
||
| 245 | 1 | 4 |
_aEl flautista de Hemelín / _cCharles Perrault ; ilustraciones Sergio Kern |
| 246 | 1 | 3 |
_a El flautista de Hemelín : _bpara leer, jugar y aprender |
| 260 |
_aBarcelona : _bEditorial El país , _c2005 |
||
| 300 |
_a43 p. : _bils. ; _c20 cm. |
||
| 490 |
_aCuentos infantiles _v9 |
||
| 650 | _aCUENTOS INTANTILES FRANCESAS | ||
| 650 | _aLITERATURA INFANTIL FRANCESA | ||
| 700 |
_aEkern, Sergio _eilustración |
||
| 830 |
_aCuentos infantiles _v9 |
||
| 942 |
_2ddc _cBK |
||
| 945 | _aInventariado, 2018 / BT | ||
| 956 |
_aVMATEO _b10 _c20161122 _dBPMSU _f0069 |
||
| 999 |
_c12031 _d12031 |
||